Catálogo

Teorías de la literatura del siglo SS / (Registro nro. 42535)

Detalles MARC
000 -LEADER
fixed length control field 01348cam a2200337 i 4500
001 - CONTROL NUMBER
control field 42535
003 - CONTROL NUMBER IDENTIFIER
control field Mx-PuUPA
005 - DATE AND TIME OF LATEST TRANSACTION
control field 20240410103822.0
008 - FIXED-LENGTH DATA ELEMENTS--GENERAL INFORMATION
fixed length control field 140415s1992 sp gr 000 0 spa d
017 ## - COPYRIGHT OR LEGAL DEPOSIT NUMBER
Copyright or legal deposit number S.768-1992
020 ## - INTERNATIONAL STANDARD BOOK NUMBER
International Standard Book Number 8437603048
040 ## - CATALOGING SOURCE
Original cataloging agency Mx-PuUPA
Language of cataloging spa
Transcribing agency Mx-PuUPA
Modifying agency Mx-PuUPA
Description conventions rda
041 0# - LANGUAGE CODE
Language code of text/sound track or separate title spa
100 1# - MAIN ENTRY--PERSONAL NAME
9 (RLIN) 13465
Personal name Fokkema, Douwe Wessel,
Dates associated with a name 1931-
Relator term autor
240 10 - UNIFORM TITLE
Uniform title Theories of literature in the twentieth century, structuralism, marxism, aesthetics of reception. semiotics.
Language of a work Español
245 10 - TITLE STATEMENT
Title Teorías de la literatura del siglo SS /
Statement of responsibility, etc. D.W. Fokkema, Elrud Ibsch ; traducción y notas de Gustavo Domínguez
250 ## - EDITION STATEMENT
Edition statement Cuarta edición
264 #1 - PRODUCTION, PUBLICATION, DISTRIBUTION, MANUFACTURE, AND COPYRIGHT NOTICE
Place of production, publication, distribution, manufacture Madrid :
Name of producer, publisher, distributor, manufacturer Ediciones Cátedra,
Date of production, publication, distribution, manufacture, or copyright notice 1992
300 ## - PHYSICAL DESCRIPTION
Extent 240 páginas ;
Dimensions 21 cm
336 ## - CONTENT TYPE
Fuente rdacontent
Content type term texto
Content type code txt
337 ## - MEDIA TYPE
Source rdamedia
Media type term sin medio
Media type code n
338 ## - CARRIER TYPE
Source rdacarrier
Carrier type term volumen
Carrier type code nc
650 #7 - SUBJECT ADDED ENTRY--TOPICAL TERM
Source of heading or term armarc
Topical term or geographic name entry element Literatura
General subdivision Historia y crítica
650 #7 - SUBJECT ADDED ENTRY--TOPICAL TERM
Source of heading or term armarc
Topical term or geographic name entry element Comunismo y literatura
700 1# - ADDED ENTRY--PERSONAL NAME
Personal name Ibsch, Elrud,
Relator term autor
765 08 - ORIGINAL LANGUAGE ENTRY
Main entry heading Fokkema, Douwe Wessel, 1931-
Title Theories of literature in the twentieth century, structuralism, marxism, aesthetics of reception. semiotics.
942 ## - ADDED ENTRY ELEMENTS (KOHA)
Source of classification or shelving scheme Dewey Decimal Classification
Koha item type Libro
Classification part 809
Item part F662
Existencias
Withdrawn status Lost status Source of classification or shelving scheme Damaged status Not for loan Collection code Home library Current library Shelving location Date acquired Source of acquisition Total Checkouts Full call number Barcode Date last seen Price effective from Koha item type
    Dewey Decimal Classification     General Biblioteca Karol Wojtyla Biblioteca Karol Wojtyla Sala general 03/12/2013 Compra   809 F662 1992 63868 05/01/2026 03/12/2013 Libro